Statistics for Animals By Picture - Letter R

Click here to take the quiz!

General Stats

  • This quiz has been taken 262 times
  • The average score is 10 of 12

Answer Stats

Answer% Correct
Rabbit
99%
Rat
98%
Raccoon
97%
Rhino
97%
Raven
93%
Reindeer
91%
Rattlesnake
89%
Red Panda
87%
Robin
77%
Roadrunner
64%
Rhea
59%
Rockhopper Penguin
39%

Score Distribution

Percentile by Number Answered

Percent of People with Each Score

Your Score History

You have not taken this quiz